World famous masterpieces sampler [CD/sound ... Read More
Available copies
- 1 of 1 copy available at LARL/NWRL Consortium. (Show)
- 1 of 1 copy available at Northwest Regional Library.
Current holds
0 current holds with 1 total copy.
Show Only Available Copies
| Location | Call Number / Copy Notes | Barcode | Shelving Location | Status | Due Date |
|---|---|---|---|---|---|
| Godel Memorial-Warren Library | EA COLL WFM L00 (Text) | 35500003427240 | Main | Available | - |
Record details
- Physical Description: 1 sound disc (ca. 50 min.) : digital, stereo. ; 4 ... Read More
- Publisher: St-Laurent, Quebec : Distributed by LDMI, 198-?
Content descriptions
| General Note: | LDMI: DMS-2-1000 (on container: DM-2-1000). |
| Formatted Contents Note: | Annen polka / Johann Strauss -- Eine kleine ... Read More |
| Participant or Performer Note: | Unidentified performers, except Mario Del Monaco ... Read More |
Search for related items by subject
| Genre: | Orchestral music. Vocal music. Compact discs. |
| LDR | 01826cjm a2200301Ia 4500 | ||
|---|---|---|---|
| 001 | 49716 | ||
| 003 | LARL_NWRL_CONSORTIUM | ||
| 005 | 20030714174031.0 | ||
| 007 | sd fzngnn---e- | ||
| 008 | 910601q19801989qucmun d | ||
| 028 | 0 | 1. | ‡aDMS-2-1000 ‡bLDMI |
| 028 | 0 | 1. | ‡aDM-2-1000 ‡bLDMI |
| 035 | . | ‡a(OCoLC)23870390 | |
| 040 | . | ‡aSVP ‡cSVP ‡dOCLCQ ‡dNRG | |
| 245 | 0 | 0. | ‡aWorld famous masterpieces sampler ‡h[CD/sound recording] / ‡cBeethoven, Mozart, Strauss, Tchaikovsky, Chopin, Ravel, Gershwin, Bach. |
| 246 | 3 | . | ‡aSampler |
| 260 | . | ‡aSt-Laurent, Quebec : ‡bDistributed by LDMI, ‡c198-? | |
| 300 | . | ‡a1 sound disc (ca. 50 min.) : ‡bdigital, stereo. ; ‡c4 3/4 in. | |
| 500 | . | ‡aLDMI: DMS-2-1000 (on container: DM-2-1000). | |
| 511 | . | ‡aUnidentified performers, except Mario Del Monaco (work 14); Luciano Pavarotti (work 15). | |
| 505 | 0 | . | ‡aAnnen polka / Johann Strauss -- Eine kleine nachtmusik (3rd mouvement) / W.A. Mozart -- Sleeping beauty (Introduction) / Tchaikovsky --Bolero / Maurice Ravel -- Minute waltz / Frederic Chopin -- Fur Elise (For Elisa) / Ludwig Van Beethoven -- Wedding march / Mendelssohn/Bartholdy -- It ain't necessarily so (from Porgy & Bess) / Gershwin -- Persian march / Johann Strauss -- Jesus my joy, BWV-610 / Johann Sebastian Bach -- Lohengrin / Richard Wagner -- La Forza Del Destino / Giuseppe Verdi -- Vesti la Guibba (from I Pagliacci) / Puccini (Mario Del Monaco) -- La Donna é mobile / Giuseppe Verdi (Luciano Pavarotti) -- Semper fidelis / J.P. Sousa. |
| 655 | 0. | ‡aOrchestral music. | |
| 655 | 0. | ‡aVocal music. | |
| 655 | 0. | ‡aCompact discs. | |
| 700 | 1 | . | ‡aPavarotti, Luciano. ‡0(LARL_NWRL_CONSORTIUM)67158 |
| 700 | 1 | . | ‡aDel Monaco, Mario, ‡d1915-1982. ‡0(LARL_NWRL_CONSORTIUM)73041 |
| 901 | . | ‡a49716 ‡bOCLC ‡c49716 ‡tbiblio | |

Add to basket
Permalink
Disable Highlighting